Emojis nach Buchstabe - K - Statistiken

Allgemein
  • Dieses Quiz wurde 70 mal gespielt
  • Das Durchschnittsergebnis liegt bei 25 aus 32
Antwortstatistiken
Emojis beginnend mit K Lösung % Korrekt
🧀 Käse
100%
🍒 Kirschen
100%
🌵 Kaktus
98%
🇨🇦 Kanada
98%
🥕 Karotte
98%
🥝 Kiwi
98%
🥥 Kokosnuss
98%
🐊 Krokodil
98%
🦘 Känguru
96%
💋 Kuss
96%
⛪️ Kirche
95%
💩 Kothaufen
95%
👑 Krone
95%
📆 Kalender
93%
🛶 Kanu
93%
🐨 Koala
93%
🥔 Kartoffel
91%
🇭🇷 Kroatien
89%
🐤 Küken
89%
☄️ Komet
86%
🧭 Kompass
84%
🐡 Kugelfisch
82%
🇰🇿 Kasachstan
72%
🪸 Koralle
70%
🇨🇲 Kamerun
58%
🇰🇭 Kambodscha
51%
🌰 Kastanie
49%
♋️ Krebs
47%
🕋 Kaaba
35%
🌸 Kirschblüte
33%
🦑 Kalmar
30%
🇨🇨 Kokosinseln
9%
Keine übereinstimmenden Quizze gefunden
Verteilung der Resultate
Anzahl Personen mit jedem Resultat
Perzentil nach korrekt beantworteten Fragen
Ihre Resultats-Entwicklung
Sie haben dieses Quiz noch nicht gespielt